000 00586nam a2200205 a 4500
001 11497
003 CO-ViMGA
008 141112s2004 ck r 000 u spa d
020 _a9586551652
040 _aCO-ViMGA
_bspa
_cCO-ViMGA
082 0 4 _aCo860.4 C61c
100 1 _aCobo Borda, Juan Gustavo
245 1 0 _aEl coloquio Américano
250 _a1
260 _aMedellin,
_cuniversidad de Antioquia,
_c1994
300 _a412 p.
650 1 4 _aLITERATURA COLOMBIANA, HISTORIA Y CRITICA
_915971
650 1 4 _aLITERATURA Latinoaméricana - HISTORIA Y CRITICA
_915972
942 _2ddc
_cBK
999 _c22692
_d22692